Harry Potter: le Cimetière de Little Hangleton - Statistiques

Statistiques générales
  • Ce quiz a été pris 50 fois
  • Le résultat moyen est 4 sur 6
Statistiques - réponses
Information Réponses % Correct
Dernière mention Harry Potter et les Reliques de la Mort
98%
Première apparition Harry Potter et la Coupe de Feu
93%
"Résident" Tom Jedusor Sr
84%
Ville Little Hangleton
74%
"Résidente" Mary Jedusor
23%
"Résident" Thomas Jedusor
21%
Aucun quiz correspondant
Distribution des résultats
% des personnes avec chaque résultat
Percentile par nombre de réponses
Votre historique - résultats
Vous n’avez pas pris ce quiz